Koleksi istimewa resepi aneka biskut (Record no. 57626)

MARC details
000 -LEADER
fixed length control field 00666nam a2200241 i 4500
001 - CONTROL NUMBER
control field C2-0242963
003 - CONTROL NUMBER IDENTIFIER
control field PPAK
005 - DATE AND TIME OF LATEST TRANSACTION
control field 20180727204813.0
008 - FIXED-LENGTH DATA ELEMENTS--GENERAL INFORMATION
fixed length control field 021009s2001 my a|||| ||||| | may d
020 ## - INTERNATIONAL STANDARD BOOK NUMBER
International Standard Book Number 9830611353
040 ## - CATALOGING SOURCE
Original cataloging agency PPAK
Language of cataloging eng
Transcribing agency PPAK
Description conventions rda
082 04 - DEWEY DECIMAL CLASSIFICATION NUMBER
Classification number 641.8654
Edition number 23
090 00 - LOCALLY ASSIGNED LC-TYPE CALL NUMBER (OCLC); LOCAL CALL NUMBER (RLIN)
Classification number (OCLC) (R) ; Classification number, CALL (RLIN) (NR) 641.8654
Feature heading KOL
Feature heading R
245 00 - TITLE STATEMENT
Title Koleksi istimewa resepi aneka biskut
264 #1 - PRODUCTION, PUBLICATION, DISTRIBUTION, MANUFACTURE, AND COPYRIGHT NOTICE
Place of production, publication, distribution, manufacture Kuala Lumpur :
Name of producer, publisher, distributor, manufacturer Crescent News ,
Date of production, publication, distribution, manufacture, or copyright notice 2001
300 ## - PHYSICAL DESCRIPTION
Extent 80 pages :
Other physical details colour illustrations ;
Dimensions 30 cm
336 ## - CONTENT TYPE
Source rdacontent
Content type term text
337 ## - MEDIA TYPE
Source rdamedia
Media type term unmediated
338 ## - CARRIER TYPE
Source rdacarrier
Carrier type term volume
650 10 - SUBJECT ADDED ENTRY--TOPICAL TERM
Topical term or geographic name entry element Biscuits
700 0# - ADDED ENTRY--PERSONAL NAME
Personal name Amelia Mustafa,
Relator term compile
942 ## - ADDED ENTRY ELEMENTS (KOHA)
-- dc
Koha item type Book
Holdings
Withdrawn Not for loan Current library Shelving location Date acquired Full call number Barcode Date last seen Koha item type
  Not For Loan Perpustakaan Kulim Rujukan Dewasa 04/02/2003 R 641.8654 KOL A01020819 08/05/2018 Book
  Not For Loan Perpustakaan Kulim Rujukan Dewasa 04/02/2003 R 641.8654 KOL A01020820 08/05/2018 Book
  Not For Loan Perpustakaan Kulim Rujukan Dewasa 04/02/2003 R 641.8654 KOL A01020821 08/05/2018 Book